000 00821cam a2200277 4500
008 090401t1986 xxu||||| |||| 00| 0 eng d
020 _a0854062890
035 _a(Sirsi) u41554
041 _aeng
050 _a690.2
_c18
100 _aHollis, Malcolm
245 _aSurveying buildings
250 _a2nd ed.
260 _aLondon
_bSurveyors Publications
_c1986
300 _a234p.
_bill.
_c30cm.
350 _a21.95
520 _aSuperseded by third edition (ISBN 0854064648). Supersedes first edition (D16283).
650 _aBUILDING DEFECTS
650 _aBUILDING SURVEYS
650 _aBUILT ENVIRONMENT-BUILDING SURVEYING-STRUCTURAL SURVEYING
650 _aSURVEYING INSTRUMENTS
690 _aBUILT ENVIRONMENT-BUILDING INSPECTION
700 _aGibson, Charles
942 _n0
948 _c04/03/1997
999 _c90948
_d90948